000 00275nam a2200109Ia 4500
008 190914s9999||||xx |||||||||||||| ||und||
100 _aArifa Farid
245 0 _aMuslim Women in World Religious' Perspective
260 _aNew Delhi
_bAddison
_c1998
300 _a555
942 _cBK
999 _c9009
_d9009